| 000 | 01493cam a2200349 a 4500 | ||
|---|---|---|---|
| 001 | 1996898 | ||
| 005 | 20020824203535.0 | ||
| 008 | 901002s1991 enka | b 001 0 eng d | ||
| 010 | _a90020209 | ||
| 020 | _a0521391148 | ||
| 020 | _a0521398029 (pbk.) | ||
| 040 |
_aDLC _cDLC _dDLC |
||
| 043 | _ae-gx--- | ||
| 050 | 0 | 0 |
_aDD256.5 _b.B93 1991 |
| 082 | 0 | 0 |
_a323.14309043 _220 _bBUR |
| 100 | 1 |
_aBurleigh, Michael, _d1955- _915697 |
|
| 245 | 1 | 4 |
_aThe Racial State : _bGermany, 1933-1945 / _cMichael Burleigh, Wolfgang Wippermann. |
| 260 |
_aCambridge [England] : _bCambridge University Press, _c1991. |
||
| 300 |
_axiv, 386 p. : _bill. ; _c24 cm. |
||
| 504 | _aIncludes bibliographical references and index. | ||
| 541 | _aBacca ; | ||
| 650 | 0 |
_aMinorities _zGermany _xHistory _y20th century. _915698 |
|
| 651 | 0 |
_aGermany _xHistory _y1933-1945. _915699 |
|
| 651 | 0 |
_aGermany _xRace relations. _915700 |
|
| 651 | 0 |
_aGermany _xSocial policy. _915701 |
|
| 700 | 1 |
_aWippermann, Wolfgang, _d1945- _915702 |
|
| 856 | 4 | 2 |
_3Publisher description _uhttp://www.loc.gov/catdir/description/cam024/90020209.html |
| 856 | 4 | 1 |
_3Table of contents _uhttp://www.loc.gov/catdir/toc/cam021/90020209.html |
| 942 |
_2ddc _cBB |
||
| 999 |
_c14337 _d14337 |
||